000 00488nam a2200181Ia 4500
001 9011
005 20260306160652.0
008 260306t1979||||xx |||||||||||||| ||spa||
041 _aESP
082 _a372.21098
_bF74
110 _aFondo de las Naciones Unidas para la Infancia
245 0 _aExperiencias de educación inicial no escolarizada en América Latina
260 _c1979
300 _a189 páginas :
_c23 cm.
650 _aGEN
654 _aCED
942 _cLIB
_dJUS
_fJUS
_2ddc
_n
999 _c9011
_d9011